00283nam a2200109Ia 4500008004000000082001600040100002100056245002600077260005400103300000700157650000900164210210b2000 xxu||||| |||| 00| 0 eng d a793.73 REAN aREADER'S DIGEST. aNew family quiz book. abReader''s digest association Far East Ltdc2000 a64 aQuiz